| 000 | 00682cam a22002171 4500 | ||
|---|---|---|---|
| 001 | ca 30000355 | ||
| 003 | DLC | ||
| 005 | 20260227111122.0 | ||
| 008 | 860321s1927 pl 000 0 pol | ||
| 010 | _aca 30000355 | ||
| 035 | _a(OCoLC)13322991 | ||
| 040 |
_aDLC _cCU _dCU _dDLC |
||
| 042 | _apremarc | ||
| 050 | 0 | 0 |
_aHD8539.L62 _bK7 |
| 100 | 1 |
_aKrahelska, Halina, _d1892-1945. |
|
| 245 | 1 | 0 | _aŁodzki przemysł włókienniczy wobec ustawodawstwa pracy. |
| 260 |
_aWarszawa, _bKsięgarnia robotnicza, _c1927. |
||
| 300 |
_a46, [1] p. _c20 cm. |
||
| 490 | 0 |
_aInstytut gospodarstwa społecznego. Sprawy robotnicze, _vnr. 2 |
|
| 650 | 0 |
_aLabor and laboring classes _zPoland _zŁódź. |
|
| 999 |
_c16622 _d16622 |
||